000 01065nam a22002657a 4500
999 _c16916
_d16916
003 AR-CdUCM
008 190506b ||||| |||| 00| 0 spa d
040 _aMUNICIPALIDAD PROVINCIAL DEL CUSCO
_cBIBLIOTECA MUNICIPAL DEL CUSCO
041 _hger
082 _a636.082 /
_bV82
100 _aVogel, H.
_936662
245 _azootecnia general /
260 _aMéxico :
_bHispano Americana,,
_c1956.
300 _a460 paginas ;
_bIlustraciones,
_c18 cm.
440 _aManuales UTEHA N° 145/145a
_936663
500 _aTitulo original : Landwirtschaftliche tierzucht
505 _aContenido : Importancia económica publica y privada de la cría de los animales domésticos -- Apreciación del aspecto exterior -- Rendimientos zootécnicos y económicos -- La reproducción zootécnica...
650 _aDeterminación genética
_936664
650 _aCría.
_920199
650 _aAlimentación
_919429
650 _aRazas de animales domesticos
_936665
700 _aGerhard, Carlos (Traducción)
_96079
942 _2ddc
_cLIBROS
945 _awnts
_d2019-05-6